000 00432nam a2200181Ia 4500
001 11544
005 20260306162835.0
008 260306t2021||||xx |||||||||||||| ||spa||
041 _aESP
082 _a985.073
_bR78
100 _aRojas Rojas, Rolando
_eAUT
245 0 _aLos años de Velasco (1968-1975)
260 _c2021
300 _a292 páginas :
_c19 cm.
650 _aGEN
654 _aCHU
942 _cLIB
_dJUS
_fJUS
_2ddc
_n
999 _c11544
_d11544